UFC champions' successful title defences - Statistics

General Stats
  • This quiz has been taken 248 times
    42 since last reset
  • The average score is 39 of 100
Answer Stats
Fighters % Correct
Daniel Cormier
86%
Alexander Volkanovski
81%
Dustin Poirier
81%
Conor McGregor
78%
Max Holloway
78%
Justin Gaethje
75%
Alexander Gustafsson
72%
Jose Aldo
72%
Stipe Miocic
72%
Dominick Reyes
69%
Jamahal Hill
69%
Petr Yan
67%
Renato Moicano
64%
Jiri Prochazka
61%
Brian Ortega
58%
Diego Lopes
58%
Henry Cejudo
58%
Kai Kara-France
58%
Khalil Rountree
58%
T.J. Dillashaw
58%
Yair Rodriguez
58%
Anderson Silva
56%
Chan Sung Jung
56%
Demetrious Johnson
56%
Lyoto Machida
56%
Quinton Jackson
56%
Anthony Johnson
53%
Colby Covington
53%
Robert Whittaker
53%
Anthony Smith
50%
Chael Sonnen
50%
Francis Ngannou
50%
Gilbert Burns
50%
Brandon Royval
47%
Derrick Lewis
47%
Jorge Masvidal
47%
Marvin Vettori
47%
Nick Diaz
47%
Paulo Costa
44%
Rashad Evans
44%
Ray Borg
44%
Steve Erceg
44%
Vitor Belfort
44%
Yoel Romero
44%
Jared Cannonier
42%
Kai Asakura
42%
Stephen Thompson
42%
B.J. Penn
39%
Chad Mendes
39%
Frankie Edgar
39%
Joseph Benavidez
39%
Tito Ortiz
39%
Johny Hendricks
36%
Darren Till
33%
Junior Dos Santos
33%
Randy Couture
33%
Thiago Santos
33%
Urijah Faber
33%
Alistair Overeem
31%
Carlos Condit
31%
Kyoji Horiguchi
31%
Rich Franklin
31%
Tim Elliott
31%
Glover Teixeira
28%
John Dodson
28%
Carlos Newton
25%
Dan Hardy
25%
Damian Maia
22%
Dan Henderson
22%
Josh Koscheck
22%
Ken Shamrock
22%
Thiago Alves
19%
Kenny Florian
17%
Ali Bagautinov
14%
Chris Cariaso
14%
Jake Shields
14%
John Moraga
14%
Jon Fitch
14%
Nate Marquardt
14%
Patrick Cote
14%
Ricardo Lamas
14%
Wilson Reis
14%
Yushin Okami
14%
Evan Tanner
11%
Frank Trigg
11%
Mark Hominick
11%
Volkan Oezdimir
11%
Thales Leites
8%
Vladimir Matyueshenko
8%
Elvis Sinosic
6%
Sean Sherk
6%
Yuki Kondo
6%
Gil Castillo
3%
Hayato Sakurai
3%
Jeremy Horn
3%
Renato Sobral
3%
No matching quizzes found
Score Distribution
Percent of People with Each Score
Percentile by Number Answered
Your Score History
You have not taken this quiz since the last reset